| 000 | 01064nac a22003377a 4500 | ||
|---|---|---|---|
| 001 | BR8007078 | ||
| 003 | BR-BrBNA | ||
| 005 | 20240105114836.0 | ||
| 008 | 230509b bl.|||m| |||| 00| 0 por d | ||
| 040 |
_aBR-BrBNA _bpor _cBiblioteca Nacional de Agricultura |
||
| 072 | _aH20 | ||
| 090 | _a2110 BR8007078 | ||
| 100 | 1 | _aMontoya, L.J. | |
| 100 | 1 | _aRam, A. | |
| 100 | 1 | _aMedeiros, A.G. | |
| 110 | 1 |
_aCentro de Pesquisas do Cacau, Ilheus, BA (Brasil) _91631 |
|
| 245 | 1 | _aEstudo da economicidade do controle da podridao parda do cacaueiro com fungicida cuprico aplicado por helicoptero | |
| 260 | 3 |
_aIlheus, BA (Brasil): _c1980. |
|
| 300 | _a37 p. | ||
| 490 |
_aBoletim Tecnico - Centro de Pesquisas do Cacau (Brazil) _vno. 79 _xISSN 0100-0845 |
||
| 650 | _aCACAU | ||
| 650 | _aPODRIDAO PARDA | ||
| 650 | _aFUNGICIDA | ||
| 650 | _aCUSTO | ||
| 650 | _aANALISE ECONOMICA | ||
| 650 | _aPULVERIZACAO AEREA | ||
| 650 | _aBAHIA | ||
| 856 | 4 | 0 | _dLink DSPACE/MAPA BR8007078 |
| 909 |
_a202312 _bLúcia Elande _c55 _dLúcia Elande |
||
| 942 |
_2AGRIS _n0 _cMS |
||
| 999 |
_c271604 _d271604 |
||